书目信息 |
| 题名: |
供应链管理
|
|
| 作者: | ;利丰研究中心 | |
| 分册: | ||
| 出版信息: | 北京 中国人民大学出版社 2003 |
|
| 页数: | 451 | |
| 开本: | 24cm | |
| 丛书名: | ||
| 单 册: | ||
| 中图分类: | F727.658 | |
| 科图分类: | ||
| 主题词: | 商业经济--中国 | |
| 电子资源: | ||
| ISBN: | 7-300-04636-3 | |
| 000 | 00641nam0 2200193 450 | |
| 001 | 0760515518 | |
| 005 | 20070817164835.51 | |
| 010 | @a7-300-04636-3@d¥39.00 | |
| 100 | @a20070817d km y0chiy0120 ea | |
| 101 | 0 | @achi |
| 200 | 1 | @a供应链管理@Agong ying lian guan li@e香港利丰集团的实践@f利丰研究中心@Fli feng yan jiu zhong xin |
| 210 | @a北京@c中国人民大学出版社@d2003 | |
| 215 | @a451@d24cm | |
| 517 | 1 | @a香港利丰集团的实践@Axiang gang li feng ji tuan de shi jian |
| 606 | 0 | @a商业经济@x中国 |
| 690 | @aF727.658@v3 | |
| 711 | 02 | @a利丰研究中心@Ali feng yan jiu zhong xin |
| 801 | 0 | @aCN@bPFT@c20070817 |
| 905 | @a213230@dF727.658@eg83@f1 | |
| 供应链管理:香港利丰集团的实践/利丰研究中心.-北京:中国人民大学出版社,2003 |
| 451;24cm |
| ISBN 7-300-04636-3:¥39.00 |
| ● |
| 相关链接 |
|
|
|
|
正题名:供应链管理
索取号:F727.658/g83
 
预约/预借
| 序号 | 登录号 | 条形码 | 馆藏地/架位号 | 状态 | 备注 |
| 1 | 6502353 | 265023538 | 密集书库-海洋学院/ [索取号:F727.658/g83] | 在馆 |